|
|
|
|
| LEADER |
00000naa a2200000uu 4500 |
| 001 |
vtls010927227 |
| 003 |
SK-MaSNL |
| 005 |
20260302125705.0 |
| 008 |
210909|2012 xo |||||||||||||||||eng| |
| 015 |
|
|
|a SNBRA
|
| 035 |
|
|
|a (urnnbn)urn:nbn:sk:snk:ar-a0b0sk
|
| 035 |
|
|
|a (uuid)e87b3e37-6ef6-41c4-8607-e92757f5d4be
|
| 035 |
|
|
|a urn:nbn:sk:snk-aattdr
|
| 040 |
|
|
|a SNKBUCL
|b slo
|c SNKBUCL
|e AACR2
|
| 041 |
0 |
|
|a eng
|
| 044 |
|
|
|a xo
|c SK
|
| 100 |
1 |
|
|a Chlpík, Juraj,
|d 1975-
|4 aut
|9 195160
|
| 245 |
1 |
0 |
|a SCATTERING OF ELECTROMAGNETIC WAVES ON METAL NANOPARTICLES
|c Juraj Chlpík, Peter Markoš, Tomáš Váry
|
| 700 |
1 |
|
|a Markoš, Peter,
|d 1958-
|4 aut
|9 8556
|
| 700 |
1 |
|
|a Váry, Tomáš
|4 aut
|9 813032
|
| 773 |
0 |
|
|t APCOM 2012
|d Bratislava : Slovenská technická univerzita, 2012
|g S. 317-321
|z 9788022737203
|
| 958 |
|
|
|a OND
|
| 958 |
|
|
|a article11
|
| 958 |
|
|
|a chapter
|
| 999 |
|
|
|c 1295049
|d 1296979
|